000 00779nam a2200193Ii 4500
003 JO-AjNU
008 230605s9999||||xx |||||||||||||| ||und||
040 _aJO-AjNU
_bara
_erda
_cJO-AjNU
041 _aara
050 1 4 _aDS96.K9.N3488 1990
100 3 _aتاليف النجار، مصطفى عبد القادر، م. مشارك الحديثي، نزار عبد اللطيف,
_eauthor
_913826
245 0 0 _a سقوط التجزئة: دراسة تاريخية عن عودة قضاء الكويت إلى العراق
264 3 1 _aبغداد:(د.ن) ، 1990
300 _a185ص
336 _atext
_btxt
_2rdacontent
337 _aunmediated
_bn
_2rdamedia
338 _avolume
_bnc
_2rdacarrier
650 4 _aالعراق-علاقات خارجية- الكويت- تاريخ
_913827
999 _aA3542
_c7110
_d7110